000 01437nam a2200325 a 4500
001 ebr10229757
003 CaPaEBR
006 m u
007 cr cn|||||||||
008 081028s2008 nyu s 000 0 eng d
020 _z9781934184158
040 _aCaPaEBR
_cCaPaEBR
035 _a(OCoLC)646747721
043 _an-us---
050 1 4 _aHV5279
_b.V65 2008eb
245 0 0 _aVoices of alcoholism
_h[electronic resource] :
_bthe healing companion : stories for courage, comfort and strength /
_cedited by The Healing Project.
260 _aNew York :
_bLaChance Pub.,
_cc2008.
300 _axxv, 268 p.
490 1 _a"Voices of" series ;
_vbk. no. 4
505 0 _apt. 1. First taste -- pt. 2. Powerless -- pt. 3. Family -- pt. 4. I need help -- pt. 5. Learning to live -- pt. 6. Miracle.
533 _aElectronic reproduction.
_bPalo Alto, Calif. :
_cebrary,
_d2013.
_nAvailable via World Wide Web.
_nAccess may be limited to ebrary affiliated libraries.
650 0 _aAlcoholics
_xRehabilitation
_vAnecdotes.
650 0 _aAlcoholics
_xRehabilitation
_zUnited States
_vCase studies.
650 0 _aAlcoholics
_xRehabilitation
_zUnited States.
655 7 _aElectronic books.
_2local
710 2 _aHealing Project.
710 2 _aebrary, Inc.
830 0 _a"Voices of" series ;
_vbk. no. 4.
856 4 0 _uhttp://site.ebrary.com/lib/rucke/Doc?id=10229757
_zAn electronic book accessible through the World Wide Web; click to view
999 _c39068
_d39068